MARC details
| 000 -LEADER |
| fixed length control field |
01429cam a2200397 4500 |
| 008 - FIXED-LENGTH DATA ELEMENTS--GENERAL INFORMATION |
| fixed length control field |
090401t1997 xxu||||| |||| 00| 0 eng d |
| 020 ## - INTERNATIONAL STANDARD BOOK NUMBER |
| International Standard Book Number |
0117534137 |
| 035 ## - SYSTEM CONTROL NUMBER |
| System control number |
(Sirsi) u80877 |
| 041 ## - LANGUAGE CODE |
| Language code of text/sound track or separate title |
eng |
| 050 ## - LIBRARY OF CONGRESS CALL NUMBER |
| Classification number |
711.1 |
| -- |
18 |
| 110 ## - MAIN ENTRY--CORPORATE NAME |
| Corporate name or jurisdiction name as entry element |
United Kingdom |
| Subordinate unit |
Department of the Environment, Transport and the Regions |
| 9 (RLIN) |
3507 |
| 245 ## - TITLE STATEMENT |
| Title |
Minerals planning guidance notes |
| Remainder of title |
revocation, modification, discontinuance, prohibition and suspension orders - Town and Country Planning (Compensation for Restrictions on Mineral Working and Mineral Waste Depositing) Regulations 1997 |
| 250 ## - EDITION STATEMENT |
| Edition statement |
Revised ed. |
| 260 ## - PUBLICATION, DISTRIBUTION, ETC. |
| Place of publication, distribution, etc. |
London |
| Name of publisher, distributor, etc. |
Stationery Office |
| Date of publication, distribution, etc. |
1997 |
| 300 ## - PHYSICAL DESCRIPTION |
| Extent |
9p. |
| Dimensions |
30cm. |
| 350 ## - PRICE (NR) (BK AM CF MU VM SE) [OBSOLETE] |
| Price |
10 |
| 490 ## - SERIES STATEMENT |
| Series statement |
MPG |
| Volume/sequential designation |
4 |
| 520 ## - SUMMARY, ETC. |
| Summary, etc. |
View at www.planning.odpm.gov.uk. |
| 520 ## - SUMMARY, ETC. |
| Summary, etc. |
Supersedes MPG4 issued 1988 (ISBN 0117521426). |
| 650 ## - SUBJECT ADDED ENTRY--TOPICAL TERM |
| Topical term or geographic name entry element |
COMPENSATION |
| 650 ## - SUBJECT ADDED ENTRY--TOPICAL TERM |
| Topical term or geographic name entry element |
DISCONTINUANCE ORDERS |
| 650 ## - SUBJECT ADDED ENTRY--TOPICAL TERM |
| Topical term or geographic name entry element |
MINERAL WASTE DEPOSITING |
| 650 ## - SUBJECT ADDED ENTRY--TOPICAL TERM |
| Topical term or geographic name entry element |
MINERALS DEVELOPMENT |
| 650 ## - SUBJECT ADDED ENTRY--TOPICAL TERM |
| Topical term or geographic name entry element |
MINERALS PERMISSIONS |
| 650 ## - SUBJECT ADDED ENTRY--TOPICAL TERM |
| Topical term or geographic name entry element |
MINERALS PLANNING AUTHORITIES |
| 650 ## - SUBJECT ADDED ENTRY--TOPICAL TERM |
| Topical term or geographic name entry element |
MINERALS WORKINGS |
| 650 ## - SUBJECT ADDED ENTRY--TOPICAL TERM |
| Topical term or geographic name entry element |
MODIFICATION ORDERS |
| 650 ## - SUBJECT ADDED ENTRY--TOPICAL TERM |
| Topical term or geographic name entry element |
MPG4 |
| 650 ## - SUBJECT ADDED ENTRY--TOPICAL TERM |
| Topical term or geographic name entry element |
PROHIBITION ORDERS |
| 650 ## - SUBJECT ADDED ENTRY--TOPICAL TERM |
| Topical term or geographic name entry element |
REVOCATION ORDERS |
| 650 ## - SUBJECT ADDED ENTRY--TOPICAL TERM |
| Topical term or geographic name entry element |
SUSPENSION ORDERS |
| 690 ## - LOCAL SUBJECT ADDED ENTRY--TOPICAL TERM (OCLC, RLIN) |
| Topical term or geographic name as entry element |
MINING AND MINERALS |
| 856 ## - ELECTRONIC LOCATION AND ACCESS |
| Uniform Resource Identifier |
<a href="https://www.communities.gov.uk/index.asp?id=1144169">https://www.communities.gov.uk/index.asp?id=1144169</a> |
| Hours access method available |
View the guidance on the ODPM website... |
| 942 ## - ADDED ENTRY ELEMENTS (KOHA) |
| Suppress in OPAC |
0 |
| 948 ## - LOCAL PROCESSING INFORMATION (OCLC); SERIES PART DESIGNATOR (RLIN) |
| c (OCLC) |
12/09/1997 |